000 01134nam0a2200313 4500
001 RU\NLR\BIBL_A\022301600
005 20260420013447.0
010 _a978-5-04-198788-6
_93000
021 _aRU
_bКН-П-24-038958
_9КН-П-24-3881
035 _a(NLR Aleph) 022301600
090 _a13662972
_c13662972
100 _a20240816d2024 u y0rusy50 ca
101 1 _arus
_ceng
102 _aRU
105 _ay z 000ay
181 0 _ai4
_baxxe
182 0 _an
200 1 _aАлая буква
_eроман
_fНатаниель Готорн
_gперевод с английского Нины Емельянниковой, Эльги Линецкой
203 _aТекст
_bвизуальный
_cнепосредственный
210 _aМосква
_cЭксмо
_d2024
215 _a286 с.
_d18
225 1 _aБелая птица
333 _a16+
686 1 _aШ6(7США)57-440.4{Лх1976-45}
700 1 _7ca
_8rus
_aХоторн
_bН.
_f1804-1864
_gНатаниел
_931709
_3RU\NLR\AUTH\7748774
942 _cBOOK
980 _aNB